Space and historical time as dimensions of social change

Bibliographic Details
Other Authors: Musil, Jiří, 1928-2012 (Editor)
Format: Book
Language:English
PhysicalDescription:158 s. fareb. ilustr. 24 cm
Published: Prague Matfyzpress 2008
ISBN:9788073780715
Edition:1st ed.
Subjects:

MARC

LEADER 00000cam a2200000 a 4500
001 vtls010100281
003 SK-MaSNL
005 20260301212920.0
008 180731s2008 xr a f 101 0 eng
015 |a SNBZSA2011-00598 
020 |a 9788073780715  |q (brož.) 
035 |a 776039A8-C292-4C7E-8499-3D801A4185A4 
035 |a urn:nbn:sk:snk-aml8i7 
035 |a urn:nbn:sk:snk-am008sg6 
040 |a SNK  |b slo  |c SNK  |e AACR2 
041 0 |a eng 
043 |a ec-----  |a e-xr---  |a e------ 
044 |a xr  |c CZ 
072 7 |a 316.4  |x Sociálne procesy  |2 konspekt 
080 |a 316.42  |2 2001 
080 |a 316.33  |2 2001 
080 |a 339.923+327  |2 2001 
080 |a (437.3)  |2 2001 
080 |a (063)  |2 2001 
080 |a (4)  |2 2001 
245 0 0 |a Space and historical time as dimensions of social change  |c edited by Jiří Musil 
250 |a 1st ed. 
260 |a Prague  |b Matfyzpress  |c 2008 
300 |a 158 s.  |b fareb. ilustr.  |c 24 cm 
500 |a Nad názvom: Charles University in Prague, Faculty of Social Sciences 
504 |a Biblliogr. Bibliogr. odkazy. Reg. 
550 |a Vydavateľ: Matematicko-fyzikální fakulta Karlovy Univerzity v Praze 
650 0 7 |a európska integrácia  |2 snkph  |9 2140 
650 0 7 |a sociálna zmena  |2 snkph  |9 3614 
650 0 7 |a regionálna sociológia  |2 snkph  |9 406252 
651 7 |a Európa stredná  |2 snkph  |9 23970 
651 7 |a Česko  |2 snkph  |9 16753 
655 7 |a zborníky konferencií  |2 snkph  |9 70153 
700 1 |a Musil, Jiří,  |d 1928-2012  |4 edt  |9 119890 
710 2 |a Univerzita Karlova.  |b Fakulta sociálních věd  |4 pbl  |9 203850 
710 2 |a Univerzita Karlova.  |b Matematicko-fyzikální fakulta  |4 pbl  |9 169111 
919 |a 978-80-7378-071-5 
958 |a ZS 
958 |a CZ 
958 |a NB 
958 |a OND 
999 |c 919713  |d 921643 
952 |a SNK  |b SNK  |y PREZ  |7 0  |p 17A0670757  |o snkSC 142033  |i snk2010/19639  |8 2  |g 5.97  |0 0  |1 0  |4 0  |d 2010-05-27  |f 1  |l 0  |r 2025-07-10 00:00:00  |w 2026-02-24